| 000 | 00810nam a2200289 4500 | ||
|---|---|---|---|
| 001 | 00142306 | ||
| 003 | DO-SdBPM | ||
| 005 | 20250820121927.0 | ||
| 007 | ta | ||
| 008 | 900514s2004 sp spa | ||
| 017 |
_a _b |
||
| 020 | _a8496246957 | ||
| 035 | _a | ||
| 040 |
_aDO-SdBPM _bspa _cBPMSU _e rda |
||
| 080 | 0 | _a | |
| 082 | 4 |
_a813.5 _bQ3u 2004 _222 |
|
| 100 | 1 |
_aQueen, Ellery _eautor |
|
| 245 | 1 | 3 |
_aEl último caso de Drury Lane / _h _cEllery Queen ; traducido por Waldo Leirós |
| 260 |
_aMadrid _bJúcar _c2004 |
||
| 300 |
_a299 p. : _c20 cm |
||
| 490 | 0 |
_aEl país, _anegra _v34 |
|
| 650 | 7 | _aNovela policíaca estadounidense. | |
| 650 | 7 |
_aCriminología _vNovela. |
|
| 700 | 1 |
_aLeirós, Waldo _etraducción |
|
| 910 | _aVMateo V. Control de calidad. BPMSU | ||
| 942 |
_2ddc _cBK |
||
| 999 |
_c9344 _d9344 |
||